<?xml version="1.0" encoding="UTF-8"?><?xml-stylesheet type="text/xsl" href="static/style.xsl"?><OAI-PMH xmlns="http://www.openarchives.org/OAI/2.0/" xmlns:xsi="http://www.w3.org/2001/XMLSchema-instance" xsi:schemaLocation="http://www.openarchives.org/OAI/2.0/ http://www.openarchives.org/OAI/2.0/OAI-PMH.xsd"><responseDate>2026-04-17T05:46:14Z</responseDate><request verb="GetRecord" identifier="oai:www.recercat.cat:2099.1/13024" metadataPrefix="marc">https://recercat.cat/oai/request</request><GetRecord><record><header><identifier>oai:recercat.cat:2099.1/13024</identifier><datestamp>2025-07-23T02:31:33Z</datestamp><setSpec>com_2072_1033</setSpec><setSpec>col_2072_452951</setSpec></header><metadata><record xmlns="http://www.loc.gov/MARC21/slim" xmlns:dcterms="http://purl.org/dc/terms/" xmlns:xsi="http://www.w3.org/2001/XMLSchema-instance" xmlns:doc="http://www.lyncode.com/xoai" xsi:schemaLocation="http://www.loc.gov/MARC21/slim http://www.loc.gov/standards/marcxml/schema/MARC21slim.xsd">
   <leader>00925njm 22002777a 4500</leader>
   <datafield ind2=" " ind1=" " tag="042">
      <subfield code="a">dc</subfield>
   </datafield>
   <datafield ind2=" " ind1=" " tag="720">
      <subfield code="a">Knorr, Sebastian</subfield>
      <subfield code="e">author</subfield>
   </datafield>
   <datafield ind2=" " ind1=" " tag="260">
      <subfield code="c">2011-09-08</subfield>
   </datafield>
   <datafield ind2=" " ind1=" " tag="520">
      <subfield code="a">Projecte final de màster oficial  fet en col.laboració amb Universitat Autònoma de Barcelona (UAB, Universitat de Barcelona (UB) i&#xd;
Institut de Ciències Fotòniques (ICFO)</subfield>
   </datafield>
   <datafield ind2=" " ind1=" " tag="520">
      <subfield code="a">English: In this paper reflective SOAs are characterized for cost-efficient FTTH applications. The novel Nyquist WDM modulation format is investigated and implemented. An improvement of the bit error performance is achieved by a pre-distortion that compensates the bandwidth limitation of the reflective low-cost transmitter. The resulting modulation improves the BER and transmission speed. Furthermore, the format needs less signal processing compared to OFDM while reaching the same transmission rates.</subfield>
   </datafield>
   <datafield ind2=" " ind1=" " tag="520">
      <subfield code="a">Castellano: En este trabajo se caracterizan SOAs reflectantes para aplicaciones económicas de FTTH. El formato novedoso de la modulación Nyquist WDM es investigado e implementado. Una mejora de la potencia del bit error está conseguido por una pre-distorsión que compense la limitación del ancho de banda del transmisor reflectante. La modulación resultante mejora la BER y la velocidad de transmisión. Además, el formato necesita menos procesamiento de la señal en comparación con OFDM, mientras alcanzan la misma velocidad de transmisión.</subfield>
   </datafield>
   <datafield ind2=" " ind1=" " tag="520">
      <subfield code="a">Català: En aquest treball es caracteritzen SOAs reflectants per a aplicacions econòmiques de FTTH. El format nou de la modulació Nyquist WDM és investigat i implementat. Una millora de la potència del bit error està aconseguit per una pre-distorsió que compensi la limitació de l'ample de banda del transmissor reflectant. La modulació resultant millora la BER i la velocitat de transmissió. A més, el format necessita menys processament del senyal en comparació amb OFDM, mentre arriben a la mateixa velocitat de transmissió.</subfield>
   </datafield>
   <datafield tag="653" ind2=" " ind1=" ">
      <subfield code="a">Àrees temàtiques de la UPC::Enginyeria de la telecomunicació::Telecomunicació òptica</subfield>
   </datafield>
   <datafield tag="653" ind2=" " ind1=" ">
      <subfield code="a">Optical communications</subfield>
   </datafield>
   <datafield tag="653" ind2=" " ind1=" ">
      <subfield code="a">Nyquist WDM</subfield>
   </datafield>
   <datafield tag="653" ind2=" " ind1=" ">
      <subfield code="a">RSOA</subfield>
   </datafield>
   <datafield tag="653" ind2=" " ind1=" ">
      <subfield code="a">PON</subfield>
   </datafield>
   <datafield tag="653" ind2=" " ind1=" ">
      <subfield code="a">FTTH</subfield>
   </datafield>
   <datafield tag="653" ind2=" " ind1=" ">
      <subfield code="a">Optical broadband access</subfield>
   </datafield>
   <datafield tag="653" ind2=" " ind1=" ">
      <subfield code="a">Nyquist WDM</subfield>
   </datafield>
   <datafield tag="653" ind2=" " ind1=" ">
      <subfield code="a">RSOA</subfield>
   </datafield>
   <datafield tag="653" ind2=" " ind1=" ">
      <subfield code="a">PON</subfield>
   </datafield>
   <datafield tag="653" ind2=" " ind1=" ">
      <subfield code="a">FTTH</subfield>
   </datafield>
   <datafield tag="653" ind2=" " ind1=" ">
      <subfield code="a">Optical broadband access</subfield>
   </datafield>
   <datafield tag="653" ind2=" " ind1=" ">
      <subfield code="a">Comunicacions òptiques</subfield>
   </datafield>
   <datafield ind2="0" ind1="0" tag="245">
      <subfield code="a">Nyquist WDM for FTTH Applications using reflective semiconductor optical amplifiers</subfield>
   </datafield>
</record></metadata></record></GetRecord></OAI-PMH>